Amendment of the Instrument to Establish the SCA-1/Deferred Charges Administered Account : Extension of Termination Date.

To help fulfill its purposes, the International Monetary Fund (the 'Fund') has adopted this Instrument to establish the SCA-1/Deferred Charges Administered Account in accordance with Article V, Section 2(b) (the 'Account'), which shall be governed and administered by the Fund in...

Ausführliche Beschreibung

Bibliographische Detailangaben
Körperschaft: International Monetary Fund
Format: Zeitschrift
Sprache:English
Veröffentlicht: Washington, D.C. : International Monetary Fund, 2011.
Schriftenreihe:Policy Papers; Policy Paper ; No. 2011/015
Schlagworte:
Online Zugang:Full text available on IMF
LEADER 01613cas a2200313 a 4500
001 AALejournalIMF019796
008 230101c9999 xx r poo 0 0eng d
020 |c 5.00 USD 
020 |z 9781498339285 
022 |a 2663-3493 
040 |a BD-DhAAL  |c BD-DhAAL 
110 2 |a International Monetary Fund. 
245 1 0 |a Amendment of the Instrument to Establish the SCA-1/Deferred Charges Administered Account :   |b Extension of Termination Date. 
264 1 |a Washington, D.C. :  |b International Monetary Fund,  |c 2011. 
300 |a 1 online resource (4 pages) 
490 1 |a Policy Papers 
500 |a <strong>Off-Campus Access:</strong> No User ID or Password Required 
500 |a <strong>On-Campus Access:</strong> No User ID or Password Required 
506 |a Electronic access restricted to authorized BRAC University faculty, staff and students 
520 3 |a To help fulfill its purposes, the International Monetary Fund (the 'Fund') has adopted this Instrument to establish the SCA-1/Deferred Charges Administered Account in accordance with Article V, Section 2(b) (the 'Account'), which shall be governed and administered by the Fund in accordance with the terms and conditions of this Instrument. 
538 |a Mode of access: Internet 
650 7 |a Deferred Charges Adjustment  |2 imf 
650 7 |a Overdue Charge  |2 imf 
650 7 |a PP  |2 imf 
650 7 |a SCA-1  |2 imf 
650 7 |a SDR  |2 imf 
651 7 |a Liberia  |2 imf 
830 0 |a Policy Papers; Policy Paper ;  |v No. 2011/015 
856 4 0 |z Full text available on IMF  |u http://elibrary.imf.org/view/journals/007/2011/015/007.2011.issue-015-en.xml  |z IMF e-Library